000 00402ntaaa2200157 4500
003 01
005 20251027201555.0
008 0714s1973 ag 01
040 _aAR-BaBN
_bspa
_cAR-BaBN
_eaacr
_dRIC
082 _a230.0000 F57
100 _aFitzwater, P. B.
_914373
245 _aChristian Theology; a systematic presentation.
250 _a2 ed. :
_bEerdmans,
_c1958
650 _aTeologĂ­a
942 _cBK
999 _c10331
_d10331